Ligue 2, clubs de la saison 2022-2023. - Statistiques

Statistiques générales
  • Ce quiz a été pris 239 fois
  • Le résultat moyen est 15 sur 20
Statistiques - réponses
Classement saison 2022 Club % Correct
18e Ligue 1 AS Saint-Étienne
96%
20e Ligue 1 Girondins de Bordeaux
94%
19e Ligue 1 FC Metz
93%
4e Paris FC
86%
7e SM Caen
84%
5e FC Sochaux-Montbéliard
83%
8e Le Havre AC
83%
12e SC Bastia
74%
18e US Quevilly-Rouen
74%
2e National FC Annecy
73%
17e Rodez AF
73%
6e EA Guingamp
73%
9e Nîmes Olympique
72%
16e Valenciennes FC
72%
11e Dijon FCO
71%
15e Grenoble Foot 38
68%
1er National Stade lavallois
68%
14e Amiens SC
67%
10e Pau FC
66%
13e Chamois niortais FC
63%
Aucun quiz correspondant
Distribution des résultats
% des personnes avec chaque résultat
Percentile par nombre de réponses
Votre historique - résultats
Vous n’avez pas pris ce quiz